MARC

LEADER 00000nam0a2200000 4500
001 37040
005 20231031003307.0
010 |a 5040078153 
035 |a (RuTPU)RU\TPU\book\37597 
090 |a 37040 
100 |a 20011220d2001 m y0rusy50 ca 
101 0 |a rus 
102 |a RU 
105 |a y z 000ay 
200 1 |a Мой личный враг  |e повесть  |f Т. В. Устинова 
210 |a Москва  |c ЭКСМО-Пресс  |d 2001 
215 |a 416 с 
225 1 |a Детектив глазами женщины 
610 1 |a детективы 
610 1 |a повести 
675 |a Р2  |v 3 
700 1 |a Устинова  |b Т. В.  |g Татьяна Витальевна 
801 1 |a RU  |b 63413507  |c 20011220  |g PSBO 
801 2 |a RU  |b 63413507  |c 20060613  |g PSBO 
942 |c BK